| 000 | 01382nam a2200253 u 4500 | ||
|---|---|---|---|
| 003 | AM-YeHGA | ||
| 005 | 20250618071623.0 | ||
| 008 | 030701s1992 ai r 000 0 arm d | ||
| 020 | _a5808002346 | ||
| 040 | _aAM-YeHGA | ||
| 100 | 1 | _aՍտեփանյան, Սամվել Խաչիկի | |
| 245 | 1 | 0 |
_aՀայ առևտրական բուրժուազիան Իրանի տնտեսական կյանքում : _b(XIX դարի վերջ XX դարի սկիզբ) / _cՍ.Խ. Ստեփանյան; Պատ. խմբ.՝ Հ.Մ. Եգանյան; ՀՀ ԳԱԱ Արևելագիտ. ին-տ. |
| 246 | 1 | 5 |
_aАрмянская торговая буржуазия в экономической жизни Ирана : _b(конец XIX-начало XX вв) |
| 260 |
_aԵրևան : _bՀայաստանի ԳԱ հրատ, _c1992. |
||
| 300 | _a175 էջ. | ||
| 650 | 1 | 4 |
_aՏնտեսություն _dXIX դարի վերջ XX դարի սկիզբ |
| 653 | 0 | _aՀայ առևտրական բուրժուազիա - Իրան | |
| 700 | 1 |
_aԵգանյան, Համլետ Մնացականի, _d1925- _eխմբ. _4edt _93313 |
|
| 710 | 2 | _aԳիտությունների ազգային ակադեմիա ՀՀ | |
| 710 | 2 | _aԱրևելագիտության ինստիտուտ ՀՀ ԳԱԱ | |
| 856 | 4 |
_uhttps://arar.sci.am/dlibra/publication/345600/edition/318345/content _yԿարդալ առցանց |
|
| 942 |
_2udc _cBK |
||
| 090 | _c87113 | ||
| 999 |
_c85834 _d85834 |
||